000
00321nam a2200109Ia 4500
008
220216s9999 xx 000 0 und d
245
0
_a
Location for rubber (Hevea brasiliensis) cultivation. (Planting notes. 2)
260
_b
Rubber Board Bulletin
_c
1962-63
300
_a
23-25
650
_a
Planting practices
942
_c
JS
999
_c
62244
_d
62244